000 00473nam a2200181Ia 4500
001 18334
005 20260306171623.0
008 260306s9999||||xx |||||||||||||| ||und||
041 _aESP
082 _a658.403
_bR76
100 _aRodríguez Ulloa, Ricardo
_eAUT
245 0 _aCasos en sistemas de información gerencial:
_bla experiencia peruana
260 _c1994
300 _a198 páginas :
_c20 cm.
650 _aGEN
654 _aCAN
942 _cLIB
_dJUS
_fJUS
_2ddc
_n
999 _c18334
_d18334